ბათუმის შოთა რუსთაველის სახელმწიფო უნივერსიტეტის ბიბლიოთეკა

ქართული ზეპირსიტყვიერების საგანძური:3 (ბიბ.ჩანაწერი № 49323)

000 -LEADER
fixed length control field 01007nam a2200253Ia 4500
001 - CONTROL NUMBER
control field 16239
003 - CONTROL NUMBER IDENTIFIER
control field GE_BSU
008 - FIXED-LENGTH DATA ELEMENTS--GENERAL INFORMATION
fixed length control field 181216s||||||||xx |||||||||||||| ||und||
020 ## - INTERNATIONAL STANDARD BOOK NUMBER
International Standard Book Number 9789941163180
040 ## - CATALOGING SOURCE
Transcribing agency GE_BSU
100 ## - MAIN ENTRY--PERSONAL NAME
Personal name შეადგინა შესავალი წერილი და შენიშვნ.დაურთო თეიმურაზ ქურდოვანიძემ
245 ## - TITLE STATEMENT
Title ქართული ზეპირსიტყვიერების საგანძური:3
245 ## - TITLE STATEMENT
Remainder of title პოეზია
245 ## - TITLE STATEMENT
Statement of responsibility, etc. რედ:ბეგო ბეჟუაშვილი
260 ## - PUBLICATION, DISTRIBUTION, ETC.
Place of publication, distribution, etc. თბილისი
260 ## - PUBLICATION, DISTRIBUTION, ETC.
Name of publisher, distributor, etc. საქართველოს მაცნე
260 ## - PUBLICATION, DISTRIBUTION, ETC.
Date of publication, distribution, etc. 2013
300 ## - PHYSICAL DESCRIPTION
Extent 280გვ;22სმ.
653 ## - INDEX TERM--UNCONTROLLED
Uncontrolled term ზეპირსიტყვიერება
653 ## - INDEX TERM--UNCONTROLLED
Uncontrolled term პოეზია
653 ## - INDEX TERM--UNCONTROLLED
Uncontrolled term ქართული ზეპირსიტყვიერება
942 ## - ADDED ENTRY ELEMENTS (KOHA)
Koha item type წიგნი
ეგზემპლარები
Withdrawn status Lost status Damaged status Not for loan Date acquired Barcode Date last seen Price effective from Koha item type
        2018-12-17 40015 2018-12-17 2018-12-17 წიგნი